畫妖師 . 妖降 . 卷四
| 資料類型: | 圖書 | 書目號: | 51757 |
Leader xxxxxxxxxx 001 __ 102499/2/01 005 __ 20171120175624.020 010 0_ |a978-986-272-351-7|b第4冊 : 平裝|d新臺幣280元 042 __ |anbic 100 __ |a20171120d2013 k y0chiy50 e 101 0_ |achi 102 __ |atw 105 __ |ay z 000ay 200 1_ |a畫妖師|h卷四|i妖降|f石子著 205 __ |a初版 210 __ |a臺北市|c商周,城邦文化出版|c家庭傳媒城邦分公司發行|d2013[民102] 215 0_ |a373面|d21公分 225 12 |a青少年館|v9 681 __ |a857.7|b844 v.4 700 _0 |a石子|4著 801 _0 |atw|bLibDipper|c20171120|gCCR |